Quizzes
Events
Quiz Creation
Community
Videos
Private Events
Remove Ads
Sign In
Join for FREE
Feedback
Dark Mode
Quiz Categories
Sports
Geography
Music
Movies
Television
Just For Fun
Miscellaneous
History
Literature
Language
Science
Gaming
Entertainment
Religion
Holiday
For Kids
Quiz Lab
Recent
Popular Today
Quiz Kudos Today
Editor Picks
Curator Picks
Quizzes by...
Day
Popularity
Type
Ratings
Length
Year
Community
Subscriptions
Recent Discussions
Orange Saloon
Badges
Playlists
Quests
Create
Leaderboards
Showdown
Live 5
Trivia Bingo
Activity
Puzzle Library
Sporcle Events
Private Events
Virtual Trivia
Globe League
Become a Host
Pub Owners
SporcleCon
Opinionation
Our Games
Videos
Blog
Mobile Apps
Partnerships
Remove Ads and Go Orange
Feedback
Music
Pop Music
The Beatles
Song
Album
Lyrics
Bands
Singers
Artist
Clip
Rock
Rap
Classical
Billboard
Country Music
Kpop
Taylor Swift
Music
Pop Music
The Beatles
Song
Album
Lyrics
Bands
Singers
Artist
Clip
Rock
Rap
Classical
Billboard
Country Music
Kpop
Taylor Swift
Random Quiz
Search Sporcle
×
Quiz Lab
Quiz Lab
Music
Kpop
Click on regions of an image
Click on regions of an image
Picture Click
Best Score? Go Orange.
Members of Red Velvet, Gfriend, Twice and IOI Stats
Can you identify the members of Red Velvet, Gfriend, Twice and IOI?
By
dynamiteu
5m
31 Questions
5,092 Plays
5,092 Plays
5,092 Plays
Comments
Comments
Give Quiz Kudos
Give Quiz Kudos
-
- Ratings
hide this ad
Forced Order
Answers have to be entered in order
Answers have to be entered in order
Replay
Link that replays current quiz
Next Quiz
Link to next quiz in quiz playlist
You Got
0%
They Got
Avg Score
78%
Avg Friend Score
Upgrade to see
Score Distribution
Jump to the score distribution portion of the page
Score
0/31
Timer
05:00
0
Plays Today
% Correct
Jeongyeon
91.2%
Nayeon
90.7%
Dahyun
90.1%
Chaeyoung
88.4%
Tzuyu
88.2%
Momo
88%
Wendy
87.7%
Irene
86.7%
Joy
86.4%
Sana
86.2%
Seulgi
86.1%
Mina
85.7%
Jihyo
85.6%
Somi
84.2%
Yeri
83.2%
Yuju
82.8%
% Correct
Eunha
82.3%
Sowon
80.5%
SinB
79.8%
Umji
77.1%
Chungha
72.9%
Yerin
71.1%
Doyeon
70.1%
Sejeong
68.9%
Nayoung
66.5%
Chaeyeon
65.7%
Jieqiong
64.3%
Mina
63.9%
Sohye
62.6%
Yoojung
62.5%
Yeonjung
59.3%
Quiz Playlist
Details
Report
Send in Message
Add To Playlist
Picture Click:
Click on regions of an image
Forced Order:
Answers have to be entered in order
Last Updated: Aug 21, 2017
Quiz Scoreboard
CHALLENGE
Sign Up to Join the Scoreboard
Show All
Scores
Hide
Comments
May contain spoilers
Recently Published
Alphabetical 'K' Countries by Flag Minefield
by ylime102
Geography
3m
Pick 6: Fruits
by JohnFran
Miscellaneous
15s
Click the 1999 NBA Draft
by nibperrychub
Sports
2m
More to Explore
Quiz From the Vault
Featured Blog Post
15 Basketball Trivia Facts You Can Be March Mad About
hide this ad
You Might Also Like...
Tags
Kpop Quiz
Pop Music Quiz
GFriend
Girl Groups
Kpop Idol
Kpop Quiz
Red Velvet
Twice
Today's Top Quizzes in Music
Browse Music
hide this ad
Today's Top Quizzes in Kpop
Browse Kpop
Top Contributed Quizzes in Music
1
Taylor Swift All Songs (2024)
2
Image Sorting: Rock Albums II
3
Image Sorting: Rock Albums III
4
Image Sorting: Rock Albums IV
5
Image Sorting: Rock Albums V
6
Taylor Swift Logic Puzzle
7
Image Sorting: Rock Albums VI
8
Adjectives in 80s Songs
9
Nickname Match: Musicians
10
Image Sorting: Album Titles
Explore More
Trending Topics
Crossword
NBA
Disney
Marvel
Kpop
Anime
Harry Potter
Soccer
Song
The Office
Pokémon
NFL
Country
WWE
Puzzle
hide this ad
More By:
dynamiteu
Quiz
Plays
Rating
Category
Featured
Created
Members of Red Velvet, Gfriend, Twice and IOI
5,092
4.91
Music
Aug 16, 2017
2017 Kpop Girl Group Songs
1,530
4.83
Music
Feb 6, 2018
Kpop Girl Group Members
1,345
5.00
Music
Jul 20, 2017
Which K-Pop Girl Group Debuted First?
1,140
4.33
Music
Sep 26, 2017
Kpop Girl Group Debut Songs
1,068
5.00
Music
Sep 1, 2017
Go to Creator's Profile
Score Distribution
Quiz Creator Spotlight
dynamiteu
Follow
Send a Message
Quizzes Created
-
Created Quiz Play Count
-
More By This Creator
Popular Quizzes Today
1
Pick 6: Fruits
2
Find the US States - No Outlines Minefield
3
Countries of Asia Without Outlines Minefield
4
Alphabetical 'K' Countries by Flag Minefield
5
The Countries of the World
6
Click the 1999 NBA Draft
7
Match the Book to the Film X
8
Find the US States
More Music Quizzes
First Names in Taylor Swift Songs
Quiz Lab
Trending Quizzes
Donkey Kong Minefield
Multiplication Danger Zone
DC Extended Universe: Oldest to Newest
The 3rd Thing You Need to Know: Actresses
Minefield Map: North American Capitals
Recently Updated
Women's Final Four Teams by Year
bhenderson79
Presidents Quartet II
eogle
Anything But Clue(do)
eogle
Anything But Oceanian Capitals
eogle
Anything But 7
eogle
Anything But Thing
eogle
Word Ladder: February 29
pecheneg
Song Title Questions
pecheneg
Women's NCAA Tournament #1 Seeds
pecheneg
Celebrity Mug Shots
pecheneg
Trending Topics
Kpop
Disney
Marvel
Crossword
Harry Potter
Anime
NBA
WWE
Soccer
Song
Pokémon
Puzzle
NFL
Country
The Office
Your Account Isn't Verified!
In order to create a playlist on Sporcle, you need to verify the email address you used during registration. Go to your
Sporcle Settings
to finish the process.
Report this User
Report this user for behavior that violates our
Community Guidelines
.
Details:
Send Report
Go to the Sporcle.com Mobile Site →
Comments